| 000 | 00800cam a2200229 a 4500 | ||
|---|---|---|---|
| 001 | 11824872 | ||
| 005 | 20180308034404.0 | ||
| 008 | 991027s2000 ilua 000 0 eng | ||
| 010 | _a 99056366 | ||
| 020 | _a0658002236 | ||
| 020 | _a0658002244 (pbk.) | ||
| 040 |
_aDLC _cDLC _dDLC |
||
| 041 | _aeng | ||
| 080 | _a363.7002 | ||
| 082 | 0 | 0 |
_a363.7002 FAS _221 |
| 100 | 1 | _a9 | |
| 101 | _aMJE | ||
| 245 | 1 | 0 |
_aCareers in the environment / _cMichael Fasulo, Paul Walker. |
| 906 |
_a7 _bcbc _corignew _d1 _eocip _f19 _gy-gencatlg |
||
| 942 |
_2ddc _cBK |
||
| 999 |
_c44386 _d44386 |
||